000 00449nam a2200181Ia 4500
001 3189
005 20260306144902.0
008 260306t2003||||xx |||||||||||||| ||spa||
041 _aESP
082 _a261.8
_bT76
100 _aToso, Mario SDB
_eAUT
245 0 _aHumanismo social:
_bviaje a la doctrina social de la Iglesia
260 _c2003
300 _a420 páginas :
_c21 cm.
650 _aGEN
654 _aCHU
942 _cLIB
_dJUS
_fJUS
_2ddc
_n
999 _c3189
_d3189